唐元和藩镇分布(820年) - 地图版 - Statistics

General Stats
  • This quiz has been taken 112 times
  • The average score is 25 of 47
Answers on the Map
Answers color-coded by a green-red scale on the quiz's map according to % correct below.
 
Answer Stats
藩镇 % Correct
幽州节度使(卢龙军)
92%
魏博节度使(天雄军)
88%
淮南节度使
85%
江西观察使(镇南军)
85%
河东节度使
81%
福建观察使(威武军)
81%
岭南节度使
79%
浙西观察使(镇海军)
74%
浙东观察使(镇东军)
73%
湖南观察使(武安军)
73%
安南经略使(静海军)
71%
淄青节度使(平卢军)
66%
恒冀节度使(成德军)
60%
山南东道节度使(忠义军)
60%
京畿
58%
剑南东川节度使
58%
剑南西川节度使
58%
凤翔节度使
56%
朔方节度使
55%
宣歙观察使(宁国军)
55%
山南西道节度使
53%
桂管经略使(静江军)
53%
夏绥节度使(定难军)
51%
东都畿都防御使(佑国军)
49%
汴宋节度使(宣武军)
49%
河中节度使(护国军)
48%
荆南节度使
47%
郓濮曹节度使(天平军)
45%
邕管经略使(建武军)
45%
徐泗节度使(武宁军)
42%
易定节度使(义武军)
42%
容管经略使(宁远军)
42%
泾原节度使(彰义军)
38%
沧景节度使(横海军)
38%
鄂岳观察使(武昌军)
38%
泽潞节度使(昭义军)
36%
兖海观察使(泰宁军)
34%
丰州都防御使(天德军)
33%
邠宁节度使(静难军)
32%
陈许节度使(忠武军)
32%
金商都防御使
32%
鄜坊节度使(保大军)
30%
怀卫节度使(河阳军)
29%
陕虢观察使(保义军)
29%
振武节度使
27%
黔州观察使(武泰军)
26%
郑滑节度使(义成军)
25%
No matching quizzes found
Score Distribution
Percent of People with Each Score
Percentile by Number Answered
Your Score History
You have not taken this quiz